书目信息 |
| 题名: |
建设工程施工管理考试用书
|
|
| 作者: | 吴宝霞 主编 | |
| 分册: | ||
| 出版信息: | 武汉 武汉大学出版社 2019.8 |
|
| 页数: | 210页 | |
| 开本: | 26cm | |
| 丛书名: | ||
| 单 册: | ||
| 中图分类: | TU71 | |
| 科图分类: | ||
| 主题词: | 建筑工程--施工管理--资格考试--自学参考资料 | |
| 电子资源: | ||
| ISBN: | 978-7-307-20300-6 | |
| 000 | 00852nam0 2200241 45 | |
| 001 | 012001000053 | |
| 005 | 20140910135339.0 | |
| 010 | @a978-7-307-20300-6@dCNY60.00 | |
| 100 | @a20190226d2018 em y0chiy50 ea | |
| 101 | 0 | @achi |
| 102 | @aCN@b420000 | |
| 105 | @ay z 000yy | |
| 106 | @ar | |
| 200 | 1 | @a建设工程施工管理考试用书@Ajian she gong cheng shi gong guan li kao shi yong shu@b专著@f吴宝霞主编 |
| 210 | @a武汉@c武汉大学出版社@d2019.8 | |
| 215 | @a210页@d26cm | |
| 300 | @a新版全国二级建造师执业资格考试 | |
| 330 | @a本书共七章,内容包括施工管理、施工成本管理、施工进度管理、施工质量管理、施工职业健康安全与环境管理、施工合同管理、施工信息管理。 | |
| 606 | 0 | @a建筑工程@x施工管理@x资格考试@j自学参考资料 |
| 690 | @aTU71@v5 | |
| 701 | 0 | @a吴宝霞@Awu bao xia@4主编 |
| 801 | 0 | @aCN@bBJSDL@c20211011 |
| 905 | @b1330196-9@dTU71@e1813@f4 | |
| 建设工程施工管理考试用书/吴宝霞主编.-武汉:武汉大学出版社,2019.8 |
| 210页;26cm |
| 新版全国二级建造师执业资格考试 |
| ISBN 978-7-307-20300-6:CNY60.00 |
| 本书共七章,内容包括施工管理、施工成本管理、施工进度管理、施工质量管理、施工职业健康安全与环境管理、施工合同管理、施工信息管理。 |
| ● |
| 相关链接 |
|
|
|
|
正题名:建设工程施工管理考试用书
索取号:TU71/1813
 
预约/预借
| 序号 | 登录号 | 条形码 | 馆藏地/架位号 | 状态 | 备注 |
| 1 | 1330196 | 213301960 | 第二样本阅览室/ [索取号:TU71/1813] | 在馆 | |
| 2 | 1330197 | 213301979 | 第三借阅区/ [索取号:TU71/1813] | 在馆 | |
| 3 | 1330198 | 213301988 | 第三借阅区/ [索取号:TU71/1813] | 在馆 | |
| 4 | 1330199 | 213301997 | 第三借阅区/ [索取号:TU71/1813] | 在馆 |